000 00644nam a22002417a 4500
999 _c366726
_d366726
001 80412
003 UA-OsUOA
005 20191217115421.0
007 ta
008 20111208b un ||||| |||| 00| 0 ukr d
020 _a966-8306-21-Х
040 _aUA-OsUOA
_bukr
_cUA-OsUOA
_dUA-OsUOA
041 _aukr
080 _a821.161.2
090 _a821.161.2
_bК78
100 _aКрасюк П.
245 _aВибрані твори
_n1
260 _aРівне
_bВолинські обереги
_c2003
300 _a376 с.
650 7 _a82 Література. Літературознавство
_2UDC
942 _cBK
_2udc
955 _a3